000 00588cam a2200193 i 4500
001 789708
005 20241113141440.0
008 750319s1975 nyu b 000 0 eng
020 _a0060659211 :
_c$7.95
050 0 0 _aBT701.2
_b.M57 1975
082 0 0 _a233
100 1 _aMooney, Christopher F.,
_d1925-
245 1 0 _aMan without tears :
_bsoundings for a Christian anthropology /
_cChristopher F. Mooney.
250 _a1st ed.
260 _aNew York :
_bHarper & Row,
_c[1975]
300 _avii, 148 p. ;
_c22 cm.
650 0 _aTheological anthropology
_xChristianity
942 _2lcc
_cBK
_n0
999 _c1123
_d1123